CEDAW với pháp luật Việt Nam về việc bảo hộ quyền lợi của phụ nữ và trẻ em trong quan hệ hôn nhân và gia đình có yếu tố nước ngoài /

Gorde:
Xehetasun bibliografikoak
Egile nagusia: Bùi Thị Thu, ThS.
Formatua: Artikulua
Hizkuntza:Vietnamese
Gaiak:
Etiketak: Etiketa erantsi
Etiketarik gabe, Izan zaitez lehena erregistro honi etiketa jartzen!
Thư viện lưu trữ: Thư viện Trường Đại học Đà Lạt
LEADER 00917nam a2200289 4500
001 DLU090071103
005 ##20090526
040 # # |a DLU  |b vie 
041 # # |a vie 
044 # # |a vn 
100 # # |a Bùi Thị Thu,   |c ThS. 
245 # # |a CEDAW với pháp luật Việt Nam về việc bảo hộ quyền lợi của phụ nữ và trẻ em trong quan hệ hôn nhân và gia đình có yếu tố nước ngoài /  |c Bùi Thị Thu. 
653 # # |a CEDAW  
653 # # |a Hôn nhân và gia đình 
653 # # |a Pháp luật Việt Nam 
653 # # |a Phụ nữ 
653 # # |a Trẻ em 
773 # # |t Luật học  |g Số 3, 2006, tr.65-72 
920 # # |a Phòng Tạp chí -- Trung tâm Thông tin - Thư viện Trường Đại học Đà Lạt 
994 # # |a DLU 
900 # # |a True 
911 # # |a Nguyễn Thị Mai Anh 
925 # # |a G 
926 # # |a A 
927 # # |a BB 
980 # # |a Thư viện Trường Đại học Đà Lạt